| 000 | 00525nam a2200169 a 4500 | ||
|---|---|---|---|
| 005 | 20140310183442.0 | ||
| 008 | 080704s19uu xx 00 eng d | ||
| 020 | _a971-93357-0-x | ||
| 050 |
_aBJ 1581.2 _b.L119 2005 |
||
| 100 | _aLacson, Alexander. | ||
| 245 |
_a12 little things every filipino can do to help our country./ _bAlexander Lacson. |
||
| 260 |
_aQuezon City : _bAlay Pinoy Publishing House, _c2005. |
||
| 300 |
_a105 p. : _c18 cm. |
||
| 650 | _aFilipiniana books. | ||
| 942 |
_cBK _2lcc _kLOC |
||
| 999 |
_c23147 _d23147 |
||